Southville International School and Colleges
Your cart is empty.
  • Cart
  • Lists
    Public lists Eva Luna New books Lux_list list_1
    Your lists Log in to create your own lists
  • Log in to your account
  • Your cookies
  • Search history
Southville International School and Colleges
  • Advanced search
  • Recent comments
  • Most popular
  • Libraries

Log in to your account

Log in with GOOGLE


If you do not have an external account, but do have a local account, you can still log in:

  1. Home
  2. MARC view: Teacher care :
Normal view MARC view ISBD view

Teacher care : (Record no. 366702)

[ view plain ]
MARC details
000 -LEADER
fixed length control field 00774nam a22002417a 4500
003 - CONTROL NUMBER IDENTIFIER
control field 0
005 - DATE AND TIME OF LATEST TRANSACTION
control field 20241113160712.0
008 - FIXED-LENGTH DATA ELEMENTS--GENERAL INFORMATION
fixed length control field 241113b xxu||||| |||| 00| 0 eng d
020 ## - INTERNATIONAL STANDARD BOOK NUMBER
International Standard Book Number 978-971-00227-4-8
050 ## - LIBRARY OF CONGRESS CALL NUMBER
Classification number TR LB 2840.2
Item number K69 2010
082 ## - DEWEY DECIMAL CLASSIFICATION NUMBER
Classification number TR 371.3
Item number K69 2010
100 ## - MAIN ENTRY--PERSONAL NAME
Personal name Knight, Lizette F.
245 ## - TITLE STATEMENT
Title Teacher care :
Remainder of title proper holistic wellness
Statement of responsibility, etc Lizette F. Knight, Anne K. Windus.
260 ## - PUBLICATION, DISTRIBUTION, ETC. (IMPRINT)
Place of publication, distribution, etc Makati City :
Name of publisher, distributor, etc Church Strengthening Ministry, Inc.,
Date of publication, distribution, etc c2010.
300 ## - PHYSICAL DESCRIPTION
Extent 315 p. :
Other physical details ill. ;
Dimensions 18 cm.
650 ## - SUBJECT ADDED ENTRY--TOPICAL TERM
Topical term or geographic name as entry element Teachers
Form subdivision Job stress.
650 ## - SUBJECT ADDED ENTRY--TOPICAL TERM
Topical term or geographic name as entry element Teachers
Form subdivision Mental health.
650 ## - SUBJECT ADDED ENTRY--TOPICAL TERM
Topical term or geographic name as entry element Teaching
Form subdivision Psychological aspects.
650 ## - SUBJECT ADDED ENTRY--TOPICAL TERM
Topical term or geographic name as entry element Stress management.
650 ## - SUBJECT ADDED ENTRY--TOPICAL TERM
Topical term or geographic name as entry element Teachers, Training of.
700 ## - ADDED ENTRY--PERSONAL NAME
Personal name Windus, Anne K.,
Relator term author.
942 ## - ADDED ENTRY ELEMENTS (KOHA)
Source of classification or shelving scheme Dewey Decimal Classification
Koha item type Books
Holdings
Withdrawn status Lost status Source of classification or shelving scheme Damaged status Home library Current library Shelving location Date acquired Source of acquisition Total Checkouts Full call number Barcode Date last seen Price effective from Koha item type
    Dewey Decimal Classification   Munich Library Munich Library Teachers Reference Section 11/13/2024 Library Fund   TR 371.3 K69 2010 M8471 11/13/2024 11/13/2024 Books

Teacher care :

APA

Knight L. F., Windus A. K., . (2010). Teacher care. Makati City: Church Strengthening Ministry, Inc.

Chicago

Knight Lizette F, Windus Anne K, . 2010. Teacher care. Makati City: Church Strengthening Ministry, Inc.

Harvard

Knight L. F., Windus A. K., . (2010). Teacher care. Makati City: Church Strengthening Ministry, Inc.

MLA

Knight Lizette F, Windus Anne K, . Teacher care. Makati City: Church Strengthening Ministry, Inc. 2010.

  • Place hold
  • Print
  • Cite
  • Add to your cart (remove)
  • Save record
    BIBTEX Dublin Core MARCXML MARC (non-Unicode/MARC-8) MARC (Unicode/UTF-8) MARC (Unicode/UTF-8, Standard) MODS (XML) RIS
  • More searches
    Search for this title in:
    Other Libraries (WorldCat) Other Databases (Google Scholar) Online Stores (Bookfinder.com) Open Library (openlibrary.org)

Exporting to Dublin Core...

SOUTHVILLE LIBRARY

Southville International School and Colleges Library

1281 Tropical Ave. Cor. Luxembourg St., BF Homes International, Las Pinas City

Tel. No. 8256374 / 252358 Loc. 117/146

Powered by Koha